| 000 | 00793nam a2200205Ka 4500 | ||
|---|---|---|---|
| 001 | 2834752 | ||
| 003 | csc | ||
| 005 | 20200421093819.0 | ||
| 008 | 991022t19991993enk b 001 0 eng d | ||
| 020 | _a0192836781 | ||
| 040 |
_acsc _ccsc |
||
| 245 | 0 | 0 |
_aGreek lyric poetry : _bthe poems and fragments of the Greek iambic, elegiac, and melic poets (excluding Pindar and Bacchylides) down to 450 B.C. / _ctranslated with introduction and notes by M.L. West. |
| 260 |
_aOxford : _bOxford University Press, _c1999, c1993. |
||
| 300 |
_axxiii, 212 p. ; _c20 cm. |
||
| 490 | 0 | _aOxford World's classics | |
| 504 | _aIncludes bibliographical references and index. | ||
| 650 | 0 |
_aGreek poetry _xTranslations into English. _9751 |
|
| 700 | 1 |
_aWest, M. L. _q(Martin Litchfield), _d1937- _9131 |
|
| 942 |
_2ddc _cBK |
||
| 999 |
_c109 _d109 |
||